[Event "ICS rated blitz match"]
[Site "207.99.83.229"]
[Date "1999.07.02"]
[Round "?"]
[White "Hossa"]
[Black "Talmoves"]
[Result "0-1"]
[WhiteElo "2355"]
[BlackElo "2636"]
[PlyCount "128"]

1. e4 c5 2. Bc4 e6 3. Qe2 Nc6 4. Nf3 a6 5. Bb3 Na5 6. O-O Nxb3 7. axb3 d6 8. d4
cxd4 9. Nxd4 Nf6 10. Rd1 e5 11. Nf3 Bd7 12. Bg5 h6 13. Bxf6 gxf6 14. Nc3 Rg8
15. Rd3 Bh3 16. Nh4 Bg4 17. Qe1 Be6 18. b4 Rc8 19. Qe3 Rc4 20. b5 axb5 21. Qe2
Qc8 22. Rc1 b4 23. Nd5 Bxd5 24. Rxd5 Rg4 25. Nf5 Rgxe4 26. Ne3 Rc5 27. Rd3 f5
28. f3 Rh4 29. Qf2 Rd4 30. Qd2 Rxd3 31. Qxd3 f4 32. Nf5 d5 33. Re1 Qc7 34. Rc1
Ra5 35. Rd1 Qc4 36. Re1 f6 37. Qd2 Ra2 38. Qc1 b3 39. c3 Qc5+ 40. Kf1 h5 41.
Qd2 Qb5+ 42. Kg1 Qb6+ 43. Kh1 Qa5 44. Qc1 Kd7 45. g3 fxg3 46. Nxg3 h4 47. Nf5
h3 48. Rd1 Kc8 49. Qb1 Qc5 50. Rf1 Kb8 51. Qc1 Qc4 52. Re1 Qd3 53. Ne3 Bc5 54.
Qd1 Qxd1 55. Nxd1 Kc7 56. Re2 Ra4 57. Rd2 Ra1 58. f4 e4 59. c4 b6 60. cxd5 e3
61. Rd3 Kd7 62. f5 Kd8 63. Rd2 exd2 64. d6 64... Rxd1# {Hossa checkmated} 0-1

[Event "ICS rated blitz match"]
[Site "207.99.83.229"]
[Date "1999.07.02"]
[Round "?"]
[White "blunite"]
[Black "Hossa"]
[Result "0-1"]
[WhiteElo "2174"]
[BlackElo "2350"]
[PlyCount "34"]

1. e4 Nf6 2. e5 Ng8 3. d4 d6 4. Nf3 dxe5 5. Nxe5 Nd7 6. f4 e6 7. Bd3 Qh4+ 8. g3
Qh3 9. Qf3 Ngf6 10. c4 Bd6 11. Nc3 c5 12. Be3 cxd4 13. Nxd7 Bxd7 14. Bxd4 Bc6
15. Ne4 Bb4+ 16. Kd1 Bxe4 17. Bxe4 17... Rd8 {blunite resigns} 0-1

[Event "ICS rated blitz match"]
[Site "207.99.83.229"]
[Date "1999.07.02"]
[Round "?"]
[White "Hossa"]
[Black "Fantasiea"]
[Result "0-1"]
[WhiteElo "2359"]
[BlackElo "2225"]
[PlyCount "115"]

1. e4 e5 2. d4 exd4 3. c3 Qe7 4. Ne2 Nf6 5. Bg5 Qxe4 6. Nd2 Qf5 7. Bxf6 Qxf6 8.
Nxd4 d5 9. Bb5+ c6 10. Be2 Bd6 11. O-O O-O 12. Re1 c5 13. Nb5 Bf4 14. Nf3 a6
15. Na3 Be6 16. Qb3 b5 17. Rad1 Nc6 18. Nc2 Rfe8 19. a4 d4 20. Qa3 Bf5 21. Bd3
Bxd3 22. Rxd3 Rxe1+ 23. Ncxe1 c4 24. Rd1 b4 25. cxb4 Rb8 26. b5 axb5 27. axb5
Rxb5 28. Qa6 Rb8 29. Qxc4 Re8 30. b4 Rd8 31. Nd3 Bb8 32. b5 Ne5 33. Ndxe5 Bxe5
34. Re1 d3 35. Rxe5 d2 36. Qf1 d1=Q 37. Re8+ Rxe8 38. Qxd1 Qb2 39. Qf1 Rb8 40.
g3 Qxb5 41. Qh3 Qc4 42. Nd2 Qd5 43. Nf1 f5 44. Qh5 Qd3 45. Qh4 Rb1 46. Qh3 Qe4
47. Qg2 Kf7 48. f3 Qd4+ 49. Kh1 Rb2 50. Qh3 Qd5 51. Qh5+ Kf6 52. Qh4+ Kg6 53.
Qf4 Qd3 54. Kg1 Rb1 55. Kf2 Qxf1+ 56. Ke3 Rd1 57. Qb4 Rd3+ 58. Kf4 {
Hossa resigns} 0-1

[Event "ICS rated blitz match"]
[Site "207.99.83.229"]
[Date "1999.07.02"]
[Round "?"]
[White "blunite"]
[Black "Hossa"]
[Result "0-1"]
[WhiteElo "2187"]
[BlackElo "2357"]
[PlyCount "36"]

1. d4 d5 2. c4 dxc4 3. e4 b5 4. a4 e5 5. Nf3 Nf6 6. Nxe5 Bb4+ 7. Nc3 Nxe4 8.
axb5 Nxc3 9. Qf3 Nd5+ 10. Bd2 Bxd2+ 11. Kxd2 O-O 12. Bxc4 Be6 13. b3 Nd7 14.
Ke2 Nxe5 15. dxe5 Qg5 16. Qg3 Qg4+ 17. f3 Qd4 18. Bxd5 18... Qxd5 {
blunite resigns} 0-1

[Event "ICS rated blitz match"]
[Site "207.99.83.229"]
[Date "1999.07.02"]
[Round "?"]
[White "Esen"]
[Black "Hossa"]
[Result "0-1"]
[WhiteElo "2104"]
[BlackElo "2366"]
[PlyCount "54"]

1. e4 Nf6 2. Nc3 e5 3. Nf3 Bb4 4. d3 d5 5. exd5 Nxd5 6. Bd2 Nc6 7. Nxd5 Qxd5 8.
a3 Bxd2+ 9. Qxd2 Bg4 10. Be2 O-O-O 11. Qe3 Rhe8 12. O-O e4 13. Ne1 Bxe2 14.
Qxe2 exd3 15. Qxd3 Qxd3 16. Nxd3 Nd4 17. Rae1 Nxc2 18. Rxe8 Rxe8 19. Rc1 Re2
20. Kf1 Rd2 21. Ne5 Nd4 22. Nxf7 Rxb2 23. Rd1 Ne6 24. f4 g6 25. g4 Rxh2 26. Kg1
Rh4 27. f5 27... Rxg4+ {Esen resigns} 0-1

[Event "ICS Rated blitz match"]
[Site "207.99.83.229"]
[Date "1999.07.02"]
[Round "?"]
[White "Hossa"]
[Black "Esen"]
[Result "1-0"]
[WhiteElo "2372"]
[BlackElo "2098"]
[PlyCount "47"]

1. e4 c6 2. d4 d5 3. Nc3 dxe4 4. Nxe4 Nd7 5. Ng5 Ndf6 6. Bd3 Bg4 7. N1f3 Bxf3
8. Nxf3 e6 9. O-O Bd6 10. c4 Qc7 11. Qa4 Bf4 12. Bxf4 Qxf4 13. Qa5 Qd6 14. Qg5
Kf8 15. Qe5 Qxe5 16. dxe5 Ne8 17. Rad1 Rd8 18. Ng5 h6 19. Nf3 Ne7 20. Be4 Rxd1
21. Rxd1 f5 22. exf6 gxf6 23. Rd7 f5 24. Bd3 {Esen resigns} 1-0

[Event "ICS rated blitz match"]
[Site "207.99.83.229"]
[Date "1999.07.02"]
[Round "?"]
[White "BigData"]
[Black "Hossa"]
[Result "0-1"]
[WhiteElo "2261"]
[BlackElo "2391"]
[PlyCount "95"]

1. e4 Nf6 2. Nc3 e5 3. f4 d5 4. fxe5 Nxe4 5. Nf3 Bc5 6. Qe2 Bf2+ 7. Kd1 Nxc3+
8. bxc3 Bc5 9. d4 Be7 10. Qf2 O-O 11. Bd3 c5 12. Qg3 Kh8 13. Bg5 Bxg5 14. Nxg5
h6 15. Nf3 Qa5 16. Qe1 Nc6 17. Be2 Bf5 18. Qd2 Be4 19. Kc1 Qa3+ 20. Kb1 cxd4
21. cxd4 Nb4 22. Ne1 Rfc8 23. Qc1 Qc3 24. Bd1 Qxd4 25. Rf1 Rc6 26. Rf3 Rac8 27.
Rb3 Rxc2 28. Nxc2 Rxc2 29. Bxc2 Bxc2+ 30. Qxc2 Nxc2 31. Kxc2 Qxa1 32. Rxb7
Qxa2+ 33. Kc3 Qa1+ 34. Kc2 Qxe5 35. Rxf7 Qxh2 36. Rf2 Kg8 37. Re2 Kf7 38. Rf2+
Kg6 39. Re2 Qf4 40. Kb2 Kf5 41. Kc2 Qc4+ 42. Kd2 Kf4 43. Rf2+ Kg3 44. Re2 d4
45. Re8 Qb4+ 46. Kd3 Qb5+ 47. Kxd4 Qxe8 48. Kd5 {BigData resigns} 0-1

[Event "ICS rated standard match"]
[Site "207.99.83.229"]
[Date "1999.07.02"]
[Round "?"]
[White "Hossa"]
[Black "SPIKE-1"]
[Result "0-1"]
[WhiteElo "2299"]
[BlackElo "2339"]
[PlyCount "41"]

1. e4 c5 2. Nf3 Nc6 3. d4 cxd4 4. Nxd4 e6 5. g3 d5 6. Nxc6 bxc6 7. Bg2 Bd6 8.
O-O Nf6 9. exd5 cxd5 10. Bg5 Rb8 11. Qd4 Qc7 12. Re1 Bc5 13. Qd2 Ng4 14. Bf4
Qb6 15. Bxb8 Bxf2+ 16. Kh1 Bxe1 17. Qxe1 Nf2+ 18. Qxf2 Qxf2 19. Na3 Qb6 20. Be5
f6 21. Bc3 {Hossa resigns} 0-1

[Event "ICS Rated standard match"]
[Site "207.99.83.229"]
[Date "1999.07.02"]
[Round "?"]
[White "SPIKE-1"]
[Black "Hossa"]
[Result "1-0"]
[WhiteElo "2353"]
[BlackElo "2285"]
[PlyCount "90"]

1. Nf3 d5 2. d4 Bg4 3. Ne5 Bf5 4. c4 f6 5. Nf3 c6 6. Qb3 Qc7 7. cxd5 cxd5 8.
Nc3 Nc6 9. Nxd5 Qd7 10. Nc3 e6 11. e4 Bg4 12. Be3 Rb8 13. d5 exd5 14. exd5 Bxf3
15. gxf3 Na5 16. Qc2 Kf7 17. Bxa7 Re8+ 18. Be2 Qc7 19. Be3 Bb4 20. Rd1 Ne7 21.
Rd4 Bd6 22. Qa4 b6 23. Nb5 Qb8 24. Nxd6+ Qxd6 25. Bb5 Ra8 26. Bd7 Rhd8 27. Be6+
Kf8 28. Rd1 Nac6 29. Qe4 f5 30. Qh4 h6 31. Bxh6 Qb4+ 32. Qxb4 Nxb4 33. Bg5 Nc2+
34. Kf1 Rd6 35. Bf4 Rdd8 36. Bc7 Re8 37. d6 Nc6 38. Bxf5 N2b4 39. d7 Red8 40.
a3 Na6 41. Bxb6 Rdb8 42. Be3 Rxb2 43. Be4 Rd8 44. Bxc6 Nb8 45. Bc5+ 45... Kg8 {
Hossa resigns} 1-0

[Event "ICS rated bullet match"]
[Site "207.99.83.229"]
[Date "1999.07.02"]
[Round "?"]
[White "Hossa"]
[Black "MissSilicon"]
[Result "0-1"]
[WhiteElo "2461"]
[BlackElo "2539"]
[PlyCount "76"]

1. Nf3 Nf6 2. b3 g6 3. c4 Nc6 4. e4 Nxe4 5. Bb2 Nf6 6. d4 d5 7. Bd3 Nb4 8. Nc3
Bh6 9. O-O Nxd3 10. Qxd3 Bf5 11. Qe2 dxc4 12. bxc4 O-O 13. Ba3 Re8 14. Rad1 c6
15. Ne5 Qa5 16. Bb2 Rad8 17. a3 Bf4 18. a4 c5 19. d5 Qb4 20. Bc1 Bxe5 21. Qxe5
Ng4 22. Qg3 Qxc4 23. Bg5 Nf6 24. Bxf6 exf6 25. Rc1 Qg4 26. Qc7 Qb4 27. f3 Rd7
28. Qg3 Re3 29. Nb5 Bd3 30. Qb8+ Kg7 31. Qc8 Rxd5 32. Qxb7 Bxf1 33. Rxf1 Rdd3
34. Qxa7 Re1 35. g3 Rxf1+ 36. Kxf1 Qb1+ 37. Kf2 Qc2+ 38. Kf1 38... Rd1# {
Hossa checkmated} 0-1

[Event "ICS Rated standard match"]
[Site "207.99.83.229"]
[Date "1999.07.02"]
[Round "?"]
[White "Hossa"]
[Black "LaskerChip"]
[Result "1-0"]
[WhiteElo "2272"]
[BlackElo "2422"]
[PlyCount "82"]

1. e4 d5 2. exd5 Nf6 3. d4 Bg4 4. Bb5+ Nbd7 5. f3 Bf5 6. Nc3 a6 7. Bd3 Bxd3 8.
Qxd3 Nb6 9. Bg5 Nbxd5 10. O-O-O e6 11. Nxd5 Qxd5 12. Bxf6 gxf6 13. Kb1 O-O-O
14. Ne2 Bh6 15. Rhe1 f5 16. c4 Qd6 17. g3 Qb6 18. d5 Bg7 19. Qc2 Rhe8 20. dxe6
Rxd1+ 21. Rxd1 fxe6 22. Qd2 Kb8 23. f4 Bf6 24. Qc2 Qe3 25. Nc1 Rd8 26. Rxd8+
Bxd8 27. Qd3 Qxd3+ 28. Nxd3 Be7 29. Kc2 c5 30. Kd2 Kc7 31. a3 a5 32. a4 h6 33.
b3 h5 34. Ne1 Bf6 35. Kd3 Kc6 36. Ke3 Bd4+ 37. Kf3 b5 38. axb5+ Kb6 39. Ke2 Bc3
40. Nf3 Bf6 41. Ke3 41... Ba1 {LaskerChip resigns} 1-0

[Event "ICS rated blitz match"]
[Site "207.99.83.229"]
[Date "1999.07.02"]
[Round "?"]
[White "Hossa"]
[Black "myhamed"]
[Result "1-0"]
[WhiteElo "2396"]
[BlackElo "2193"]
[PlyCount "115"]

1. e4 c5 2. Nc3 Nc6 3. g3 g6 4. Bg2 Bg7 5. d3 d6 6. Nge2 e5 7. f4 Nge7 8. fxe5
dxe5 9. O-O O-O 10. Be3 b6 11. Qd2 Be6 12. Bh6 f6 13. Rf2 Bxh6 14. Qxh6 Kh8 15.
Raf1 Ng8 16. Qe3 Kg7 17. Kh1 Nd4 18. Qd2 Rc8 19. Nd5 Nxe2 20. Qxe2 Qd6 21. a4
Bxd5 22. exd5 Ne7 23. c4 Rce8 24. Bh3 f5 25. Bg2 Ng8 26. a5 Nf6 27. b4 cxb4 28.
axb6 axb6 29. Qc2 e4 30. Qb1 e3 31. Rb2 Ng4 32. Rxb4 e2 33. Re1 Nf2+ 34. Kg1
Qc5 35. Qb2+ Rf6 36. d4 Nd3 37. dxc5 Nxe1 38. Rxb6 Nf3+ 39. Bxf3 e1=Q+ 40. Kg2
Re5 41. Qd4 Rxb6 42. cxb6 Kf7 43. b7 Re8 44. b8=Q Rxb8 45. Qa7+ Kf6 46. Qxb8
Qd2+ 47. Kf1 Qc1+ 48. Kf2 Qd2+ 49. Be2 Qd4+ 50. Kf1 Qa1+ 51. Kg2 Qa2 52. Qh8+
Ke7 53. Qxh7+ Kd6 54. Qxg6+ Kc5 55. Kf2 Kd4 56. Qf6+ Kc5 57. Qe7+ Kd4 58. Qe3#
{myhamed checkmated} 1-0

[Event "ICS rated blitz match"]
[Site "207.99.83.229"]
[Date "1999.07.02"]
[Round "?"]
[White "R-172"]
[Black "Hossa"]
[Result "0-1"]
[WhiteElo "2310"]
[BlackElo "2397"]
[PlyCount "82"]

1. d4 d5 2. c4 dxc4 3. Nf3 Nf6 4. e3 e6 5. Bxc4 c5 6. O-O a6 7. Nc3 b5 8. Bb3
c4 9. Bc2 Be7 10. a3 O-O 11. e4 Ng4 12. h3 Nf6 13. e5 Nd5 14. Ne4 Nc6 15. Bg5
a5 16. Bxe7 Qxe7 17. Nd6 Ba6 18. Re1 f5 19. Qd2 Rad8 20. Rac1 Kh8 21. Bb1 a4
22. Nh2 Qh4 23. Nf3 Qf4 24. Qxf4 Nxf4 25. Kh2 Rd7 26. g3 Nd5 27. Red1 Nd8 28.
Nd2 f4 29. N2e4 fxg3+ 30. fxg3 Nb7 31. Rf1 Rb8 32. Nxb7 Bxb7 33. Ng5 Nc7 34.
Rf4 g6 35. Rcf1 Kg8 36. Ne4 Bxe4 37. Rxe4 b4 38. axb4 Rxb4 39. Kg1 Rxb2 40.
Ref4 Nb5 41. h4 41... Nc3 {R-172 resigns} 0-1

[Event "ICS Rated standard match"]
[Site "207.99.83.229"]
[Date "1999.07.03"]
[Round "?"]
[White "elshan"]
[Black "Hossa"]
[Result "0-1"]
[WhiteElo "1928"]
[BlackElo "2295"]
[PlyCount "91"]

1. d4 d5 2. Nf3 e6 3. Bg5 Be7 4. Bxe7 Nxe7 5. e3 O-O 6. c4 c5 7. Nc3 Nbc6 8.
dxc5 Qa5 9. Be2 Qxc5 10. cxd5 Nxd5 11. Nxd5 exd5 12. O-O Bg4 13. Qd2 Rac8 14.
Rfd1 Qb4 15. Qxb4 Nxb4 16. a3 Nc2 17. Rac1 Bf5 18. Rxd5 Nxe3 19. Rdc5 Nd5 20.
Nd4 Nf4 21. Bf1 Rxc5 22. Rxc5 Ne6 23. Nxe6 Bxe6 24. Rc7 Bd5 25. Bc4 Bxc4 26.
Rxc4 g6 27. Rc7 Rb8 28. Kf1 Kg7 29. Ke2 a5 30. Kd3 b5 31. Kc3 b4+ 32. axb4 Rxb4
33. Rc5 Ra4 34. Rc4 Ra1 35. Kb3 Rh1 36. h4 Rh2 37. Ka4 Rxg2 38. Rf4 g5 39. Rf5
gxh4 40. Kxa5 h3 41. b4 Kg6 42. Rf3 h2 43. Rh3 Rg5+ 44. b5 Rh5 45. Rg3+ Kh6 46.
Ka6 {elshan resigns} 0-1

[Event "ICS Rated standard match"]
[Site "207.99.83.229"]
[Date "1999.07.03"]
[Round "?"]
[White "BENDORZ"]
[Black "Hossa"]
[Result "0-1"]
[WhiteElo "2228"]
[BlackElo "2298"]
[PlyCount "44"]

1. e4 Nf6 2. Nc3 e5 3. f4 d5 4. fxe5 Nxe4 5. Nf3 Bc5 6. Qe2 Bf2+ 7. Kd1 Nxc3+
8. bxc3 Bc5 9. d4 Be7 10. Qf2 O-O 11. Bd3 c5 12. dxc5 Nc6 13. Qg3 Kh8 14. Be3
Qa5 15. Bd4 Be6 16. Rb1 Qxa2 17. Ke2 Qa5 18. Rxb7 Rab8 19. Rhb1 Rxb7 20. Rxb7
Bc8 21. Rb5 Qc7 22. Kf1 22... Bd7 {BENDORZ resigns} 0-1

[Event "ICS rated standard match"]
[Site "207.99.83.229"]
[Date "1999.07.03"]
[Round "?"]
[White "Hossa"]
[Black "BENDORZ"]
[Result "1-0"]
[WhiteElo "2303"]
[BlackElo "2191"]
[PlyCount "37"]

1. e4 c5 2. Nc3 Nc6 3. g3 g6 4. Bg2 Bg7 5. d3 d6 6. Nge2 Bd7 7. Bg5 Qa5 8. O-O
O-O-O 9. Bf4 Kb8 10. a3 Bg4 11. Qc1 Nf6 12. h3 Bd7 13. b4 cxb4 14. axb4 Qxb4
15. Be3 Nh5 16. Ra4 Bxc3 17. Rxb4 Bxb4 18. Qb2 e5 19. Rb1 {BENDORZ resigns} 1-0

[Event "ICS rated blitz match"]
[Site "207.99.83.229"]
[Date "1999.07.03"]
[Round "?"]
[White "Krell"]
[Black "Hossa"]
[Result "1/2-1/2"]
[WhiteElo "2527"]
[BlackElo "2409"]
[PlyCount "151"]

1. f3 Nc6 2. d4 e5 3. d5 Nb4 4. c3 Na6 5. e4 Qh4+ 6. g3 Qf6 7. Be3 Bc5 8. Bxc5
Nxc5 9. b4 Na6 10. Na3 Ne7 11. Bb5 O-O 12. Nc4 c6 13. Bxa6 cxd5 14. Bb5 dxc4
15. Bxc4 a6 16. h4 a5 17. bxa5 Rb8 18. Rb1 Qg6 19. Ne2 Nc6 20. Rb5 Qh6 21. Qd2
Qf6 22. Qd3 Ra8 23. Bd5 Qe7 24. Qd2 Re8 25. Qg5 Qd6 26. Qh5 Nd8 27. f4 Qa6 28.
Bc4 d6 29. fxe5 Be6 30. Bd3 dxe5 31. Rf1 Qd6 32. Rf3 Qe7 33. Rxe5 f6 34. Rxe6
Nxe6 35. e5 g6 36. Qg4 fxe5 37. Bc4 Rxa5 38. h5 b5 39. Bd5 Qd6 40. Bb3 Kg7 41.
hxg6 hxg6 42. Qh4 Qe7 43. Qg4 Ra3 44. Rf5 Qd6 45. Rf3 Ra7 46. Qb4 Qxb4 47. cxb4
Nd4 48. Nxd4 exd4+ 49. Kd2 Rd8 50. g4 Rf8 51. Rxf8 Kxf8 52. Kd3 Rd7 53. a4 bxa4
54. Bxa4 Rd6 55. b5 Ke8 56. Bc2 g5 57. Kc4 Ke7 58. Kd3 Kd7 59. Bb3 Kd8 60. Bg8
Kc7 61. Bh7 Kb6 62. Kc4 Rf6 63. Bf5 Rf7 64. Kxd4 Kxb5 65. Kd5 Re7 66. Be6 Rb7
67. Bf5 Rb6 68. Bd7+ Kb4 69. Ke5 Kc5 70. Be6 Ra6 71. Bf5 Rd6 72. Be6 Rb6 73.
Bd7 Rd6 74. Be6 Rb6 75. Bd7 Rd6 76. Be6 {Game drawn by repetition} 1/2-1/2

[Event "ICS Rated standard match"]
[Site "207.99.83.229"]
[Date "1999.07.03"]
[Round "?"]
[White "Amateur"]
[Black "Hossa"]
[Result "1-0"]
[WhiteElo "2353"]
[BlackElo "2308"]
[PlyCount "84"]

1. e4 Nf6 2. e5 Ng8 3. d4 d5 4. Bd3 c5 5. dxc5 Nc6 6. Bb5 e6 7. Be3 Bd7 8. Bxc6
Bxc6 9. Nf3 Qc7 10. Qd3 O-O-O 11. O-O Nh6 12. Qa3 Kb8 13. Rd1 Nf5 14. Bf4 Bd7
15. b4 f6 16. h3 a5 17. Qxa5 Qxa5 18. bxa5 Ka8 19. g4 Ne7 20. exf6 gxf6 21. Nc3
h5 22. Bd6 hxg4 23. hxg4 Nc8 24. Bxf8 Rdxf8 25. Rab1 Rfg8 26. Rb4 Bc6 27. Kf1
e5 28. Nxd5 e4 29. Rxe4 Rh1+ 30. Ng1 f5 31. Rb4 Ka7 32. f3 fxg4 33. Rxg4 Rgh8
34. c4 Bd7 35. Rg7 Ba4 36. Rb1 Bc6 37. Nb4 Bxf3 38. Nd5 Rxg1+ 39. Rxg1 Rf8 40.
Ke1 Re8+ 41. Kf2 Rf8 42. Ke3 42... Bh5 {Hossa resigns} 1-0

[Event "ICS Rated standard match"]
[Site "207.99.83.229"]
[Date "1999.07.03"]
[Round "?"]
[White "Hossa"]
[Black "robbok1"]
[Result "0-1"]
[WhiteElo "2294"]
[BlackElo "2489"]
[PlyCount "97"]

1. e4 c5 2. Nc3 e6 3. Nge2 d5 4. exd5 exd5 5. Nf4 Nf6 6. Nh5 Be6 7. Bb5+ Nc6 8.
O-O d4 9. Nxf6+ gxf6 10. Bxc6+ bxc6 11. Qf3 dxc3 12. Qxc6+ Bd7 13. Re1+ Be7 14.
Qxc5 cxb2 15. Bxb2 Be6 16. Qc6+ Kf8 17. Qf3 Qd5 18. Qe2 Rg8 19. f3 Rb8 20. Bc3
Qc5+ 21. Kh1 h5 22. Qe4 Qg5 23. Re2 h4 24. d3 h3 25. gxh3 Rd8 26. Bb4 Bc5 27.
Bxc5+ Qxc5 28. Qh4 Qd4 29. Qh6+ Ke7 30. Rae1 Rg5 31. h4 Ra5 32. Qg7 Rd6 33. Qg3
Rxa2 34. c3 Qa4 35. Rxa2 Qxa2 36. d4 Qb2 37. Re3 a5 38. Qe1 a4 39. Re2 Qb5 40.
Qf2 a3 41. Qe1 Rb6 42. d5 Qxe2 43. Qxe2 Rb1+ 44. Kg2 Rb2 45. Qxb2 axb2 46. dxe6
fxe6 47. c4 b1=Q 48. h5 Qc2+ 49. Kg3 {Hossa resigns} 0-1

[Event "ICS Rated standard match"]
[Site "207.99.83.229"]
[Date "1999.07.03"]
[Round "?"]
[White "Zeit-NOT"]
[Black "Hossa"]
[Result "0-1"]
[WhiteElo "1703"]
[BlackElo "2286"]
[PlyCount "59"]

1. e4 Nf6 2. e5 Ng8 3. d4 d6 4. Nf3 dxe5 5. Nxe5 Nd7 6. Qf3 Ngf6 7. Nc3 e6 8.
Bg5 Be7 9. O-O-O c6 10. Bd3 h6 11. Bh4 O-O 12. g4 Nxe5 13. dxe5 Nd5 14. Bxe7
Qxe7 15. Nxd5 exd5 16. Qf4 f6 17. exf6 Qxf6 18. Qxf6 Rxf6 19. g5 Rxf2 20. gxh6
gxh6 21. Rdg1+ Kf7 22. Rg6 h5 23. Rh6 Bg4 24. h3 Bf3 25. Rg1 Rg8 26. Rxg8 Kxg8
27. Rh7 Rf1+ 28. Kd2 Rd1+ 29. Kc3 Rxd3+ 30. Kxd3 {Zeit-NOT resigns} 0-1

[Event "ICS rated standard match"]
[Site "207.99.83.229"]
[Date "1999.07.03"]
[Round "?"]
[White "OHFish"]
[Black "Hossa"]
[Result "0-1"]
[WhiteElo "1937"]
[BlackElo "2286"]
[PlyCount "57"]

1. e4 Nf6 2. Nc3 e5 3. Bc4 Nxe4 4. Nf3 Nxc3 5. dxc3 Bc5 6. Nxe5 O-O 7. O-O d6
8. Nxf7 Rxf7 9. Qh5 Qf8 10. Be3 Nd7 11. Rad1 Bxe3 12. fxe3 Nf6 13. Bxf7+ Qxf7
14. Qf3 Qxa2 15. g4 h6 16. h4 Qxb2 17. g5 hxg5 18. Rb1 Qxc2 19. hxg5 Qg6 20.
Kf2 Qxg5 21. Ke1 Bg4 22. Rg1 Bxf3 23. Rxg5 Ne4 24. Rf5 Bg2 25. Rf4 Nxc3 26. Rb3
Ne4 27. Rxb7 Nc5 28. Rxc7 Nd3+ 29. Kd2 {OHFish resigns} 0-1

[Event "ICS rated standard match"]
[Site "207.99.83.229"]
[Date "1999.07.03"]
[Round "?"]
[White "Hossa"]
[Black "OHFish"]
[Result "1-0"]
[WhiteElo "2290"]
[BlackElo "1933"]
[PlyCount "39"]

1. e4 e5 2. Nf3 d5 3. exd5 e4 4. Qe2 Bf5 5. Nc3 Nf6 6. Nd4 g6 7. Nxf5 gxf5 8.
Qb5+ Nbd7 9. Qxb7 Rb8 10. Qxa7 Bc5 11. Qa4 O-O 12. Be2 Ng4 13. Bxg4 fxg4 14.
O-O f5 15. Qc4 Qh4 16. d6+ Kg7 17. dxc7 Ne5 18. cxb8=Q Nf3+ 19. gxf3 exf3 20.
Qe5+ {OHFish resigns} 1-0

[Event "ICS rated blitz match"]
[Site "207.99.83.229"]
[Date "1999.07.03"]
[Round "?"]
[White "Hossa"]
[Black "Jfreile"]
[Result "1-0"]
[WhiteElo "2414"]
[BlackElo "2104"]
[PlyCount "51"]

1. e4 c6 2. d4 d5 3. Nc3 dxe4 4. Nxe4 Nd7 5. Nf3 Ndf6 6. Nxf6+ Nxf6 7. Be2 Bf5
8. O-O e6 9. c4 Be7 10. Nh4 Bg6 11. Nxg6 hxg6 12. Bf4 Bd6 13. Be5 Qc7 14. f4 c5
15. Qa4+ Kf8 16. Qa3 Rd8 17. Qxa7 cxd4 18. Qxd4 Bc5 19. Bxc7 Rxd4 20. Kh1 Rd2
21. Bf3 Nh5 22. f5 gxf5 23. Rfd1 Rxb2 24. Rd8+ Ke7 25. Rxh8 Nf6 26. Bd8+ {
Jfreile resigns} 1-0

[Event "ICS rated bullet match"]
[Site "207.99.83.229"]
[Date "1999.07.03"]
[Round "?"]
[White "Hossa"]
[Black "Masterchess"]
[Result "0-1"]
[WhiteElo "2450"]
[BlackElo "2621"]
[PlyCount "110"]

1. e4 c5 2. c3 Nf6 3. e5 Nd5 4. d4 e6 5. c4 Nb6 6. Nf3 cxd4 7. Be2 Nc6 8. O-O
Be7 9. Bf4 d6 10. Nxd4 Nxe5 11. c5 Nd5 12. Bb5+ Bd7 13. Bxe5 dxe5 14. c6 bxc6
15. Nxc6 Qb6 16. Nxe7 Kxe7 17. Bxd7 Qxb2 18. Bxe6 Kxe6 19. Nd2 Rac8 20. Ne4 f6
21. Qg4+ f5 22. Ng5+ Kf6 23. Qh5 h6 24. Qf7+ Kxg5 25. Qxg7+ Kh4 26. Qg3+ Kh5
27. Qf3+ Kg5 28. h4+ Kf6 29. Qxd5 Qd4 30. Qa5 Rhd8 31. Qa6+ Qb6 32. Qe2 Rg8 33.
Rae1 Qc5 34. Qh5 Qd5 35. g3 Rg6 36. Qe2 Rc4 37. h5 Rg5 38. f4 Rxg3+ 39. Kh2 Rd3
40. Qxe5+ Qxe5 41. fxe5+ Ke6 42. Rf2 Rh4+ 43. Kg2 f4 44. Rfe2 f3+ 45. Kg3 fxe2+
46. Kxh4 Re3 47. Kg4 Kxe5 48. a3 a5 49. a4 Ke4 50. Rg1 e1=Q 51. Rxe1 Rxe1 52.
Kg3 Re2 53. Kh4 Rg2 54. Kh3 Kf3 55. Kh4 55... Rh2# {Hossa checkmated} 0-1

[Event "ICS rated standard match"]
[Site "207.99.83.229"]
[Date "1999.07.03"]
[Round "?"]
[White "SingleKnight"]
[Black "Hossa"]
[Result "1-0"]
[WhiteElo "2069"]
[BlackElo "2294"]
[PlyCount "132"]

1. e4 Nf6 2. d3 Nc6 3. Nc3 d5 4. f3 d4 5. Nce2 e5 6. Bg5 Bb4+ 7. Bd2 O-O 8. a3
Bd6 9. Bg5 Qe7 10. g4 Qe6 11. Ng3 h6 12. Bd2 h5 13. gxh5 Qe8 14. Bh3 Bxh3 15.
Nxh3 Qe6 16. Ng5 Qd7 17. Qe2 Ne8 18. Qg2 Kh8 19. Rg1 Rg8 20. Nf5 f6 21. Nh3 Bc5
22. Nh4 Ne7 23. Ng6+ Nxg6 24. hxg6 Nd6 25. Qg3 Rgd8 26. Qh4+ Kg8 27. Qh7+ Kf8
28. Qh8+ Ke7 29. Qxg7+ Ke6 30. Qxd7+ Kxd7 31. Nf2 Rg8 32. b4 Bb6 33. Ng4 Ke6
34. Nh6 Rg7 35. h4 a5 36. h5 axb4 37. Bxb4 c5 38. Bd2 Rh8 39. Ke2 c4 40. Rh1
Bc5 41. Rag1 Bxa3 42. Nf5 Nxf5 43. exf5+ Kxf5 44. h6 cxd3+ 45. cxd3 Rgg8 46. h7
Rg7 47. Bh6 Rxg6 48. Rh5+ Ke6 49. Rxg6 Rxh7 50. Rg7 Rxg7 51. Bxg7 Kf7 52. Bh6
b6 53. Bd2 Ke6 54. f4 exf4 55. Rb5 Bc5 56. Ba5 Bd6 57. Rxb6 Kd5 58. Bd2 Kc5 59.
Rb1 Be5 60. Kf3 f5 61. Bxf4 Bf6 62. Bb8 Kc6 63. Kf4 Bh4 64. Kxf5 Kd5 65. Be5
Bf2 66. Rb4 66... Kc5 {Hossa resigns} 1-0

[Event "ICS rated blitz match"]
[Site "207.99.83.229"]
[Date "1999.07.03"]
[Round "?"]
[White "RipCurl"]
[Black "Hossa"]
[Result "0-1"]
[WhiteElo "2144"]
[BlackElo "2419"]
[PlyCount "36"]

1. e4 e5 2. Nf3 Nc6 3. Bc4 Nf6 4. Ng5 d5 5. exd5 Nxd5 6. Qf3 Qxg5 7. Bxd5 Nd8
8. d3 Qxc1+ 9. Ke2 Qxh1 10. Qe4 Bd6 11. Qh4 Qc1 12. Qg4 Bxg4+ 13. f3 Bc8 14.
Bb3 Qxb2 15. Nd2 Qxa1 16. h3 Qg1 17. g4 Bb4 18. Ne4 18... Qe1# {
RipCurl checkmated} 0-1

[Event "ICS rated bullet match"]
[Site "207.99.83.229"]
[Date "1999.07.03"]
[Round "?"]
[White "Masterchess"]
[Black "Hossa"]
[Result "1-0"]
[WhiteElo "2630"]
[BlackElo "2441"]
[PlyCount "49"]

1. d4 d5 2. c4 dxc4 3. e3 b5 4. a4 Nd7 5. axb5 Nb6 6. Nf3 Bg4 7. Qc2 Bxf3 8.
gxf3 Rb8 9. Bxc4 Ra8 10. Nd2 e6 11. Bd3 Nf6 12. Rg1 Nfd5 13. Qc6+ Ke7 14. b3
Nb4 15. Ba3 N6d5 16. Bc4 Kf6 17. Ne4+ Kf5 18. Qxa8 Nc2+ 19. Kd2 Qh4 20. Kxc2
Bxa3 21. Qxh8 Nxe3+ 22. fxe3 Qxh2+ 23. Kd3 Qxg1 24. Rxg1 c6 25. Rg5# {
Hossa checkmated} 1-0

[Event "ICS rated blitz match"]
[Site "207.99.83.229"]
[Date "1999.07.03"]
[Round "?"]
[White "Hossa"]
[Black "PostModernist"]
[Result "1-0"]
[WhiteElo "2420"]
[BlackElo "2575"]
[PlyCount "76"]

1. e4 c6 2. d4 d5 3. Nc3 dxe4 4. Nxe4 Bf5 5. Ng3 Bg6 6. h4 h6 7. Nf3 Nf6 8. Ne5
Bh7 9. Bd3 Bxd3 10. Qxd3 e6 11. Bf4 Qa5+ 12. Bd2 Bb4 13. Bxb4 Qxb4+ 14. c3 Qxb2
15. Rb1 Qxa2 16. Rxb7 O-O 17. O-O Qd5 18. c4 Qd6 19. Ne4 Nxe4 20. Qxe4 Qd8 21.
Rfb1 a5 22. R1b3 Qc8 23. Re7 Na6 24. Rf3 Qd8 25. Rfxf7 Qxe7 26. Rxe7 Rae8 27.
Rxe8 Rxe8 28. Qxc6 Rd8 29. Qxe6+ Kh7 30. Qg6+ Kg8 31. Qb6 Ra8 32. Qxa5 Kh7 33.
Nd3 Re8 34. Qxa6 Re4 35. Qd6 Re2 36. Nf4 Re1+ 37. Kh2 Ra1 38. Qg6+ 38... Kh8 {
PostModernist resigns} 1-0

[Event "ICS rated blitz match"]
[Site "207.99.83.229"]
[Date "1999.07.03"]
[Round "?"]
[White "sergor"]
[Black "Hossa"]
[Result "0-1"]
[WhiteElo "2301"]
[BlackElo "2443"]
[PlyCount "80"]

1. d4 d5 2. c4 dxc4 3. e4 b5 4. a4 e5 5. Nf3 Nf6 6. axb5 Bb4+ 7. Bd2 Bxd2+ 8.
Nbxd2 exd4 9. Bxc4 O-O 10. O-O Be6 11. e5 Ng4 12. h3 Nh6 13. Bxe6 fxe6 14. Ne4
Nf5 15. Qd3 Qd5 16. Rfc1 Nd7 17. Rxc7 Rf7 18. Raxa7 Rxa7 19. Rxa7 Nxe5 20. Qa3
Rxa7 21. Qxa7 Nxf3+ 22. gxf3 Qxb5 23. Qa8+ Kf7 24. Qa7+ Kg6 25. Ng3 Qxb2 26.
Nxf5 exf5 27. Qd7 Qc1+ 28. Kg2 Qf4 29. Qe6+ Kh5 30. Qf7+ Kh4 31. Qd7 h6 32. Qd5
h5 33. Qd7 Qe5 34. Qd8+ Qf6 35. Qd5 f4 36. Qd7 g6 37. Qc8 Qf5 38. Qg8 Qxh3+ 39.
Kg1 Qxf3 40. Qd8+ 40... Kh3 {sergor resigns} 0-1